|
|
|
|
| LEADER |
00552nam a22001457a 4500 |
| 020 |
|
|
|a 0808922882
|
| 082 |
|
|
|2 30th ed.
|a 610.321 AND/D
|
| 100 |
|
|
|a Anderson, Douglas M.
|
| 245 |
|
|
|a Dorland's Illustrated Medical Dictionary
|c Douglas M.Anderson,
|
| 260 |
|
|
|a Philadelphia
|b Sauders
|c 2003
|
| 300 |
|
|
|a xxvii, 2190p.
|
| 700 |
|
|
|a Anderson, Douglas M.
|
| 942 |
|
|
|2 ddc
|c BK
|e 30th ed.
|k 610.321
|
| 999 |
|
|
|c 280849
|d 280849
|
| 952 |
|
|
|0 0
|1 0
|4 0
|6 610_321000000000000_AND_D
|7 0
|9 318150
|a SHS
|b SHS
|c ST1
|d 2011-02-14
|g 1607.20
|i 2162
|l 0
|o 610.321 AND/D
|p SHS2162
|r 2017-12-11
|w 2017-12-11
|y BK
|